[Event "Women's Speed Chess Q4"]
[Site "chess.com INT"]
[Date "2020.06.21"]
[Round "1"]
[White "Tarasenka, Aliaksandra"]
[Black "Morris-Suzuki, Sophie"]
[Result "1-0"]
[WhiteTitle "WFM"]
[BlackTitle "WFM"]
[WhiteElo "2070"]
[BlackElo "2043"]
[WhiteFideId "13514288"]
[BlackFideId "30922615"]
[EventDate "2020.06.21"]

1. e4 c5 2. c3 e6 3. d4 d5 4. e5 Nc6 5. Be3 Qb6 6. Qd2 Nh6 7. Nf3 Nf5 8. Bd3 Bd7
9. dxc5 Bxc5 10. Bxc5 Qxc5 11. O-O O-O 12. Na3 a6 13. Rfe1 b5 14. Nc2 a5 15. a3
a4 16. Bxf5 exf5 17. Rad1 Be6 18. Ncd4 Na5 19. Qd3 Nc4 20. Re2 g6 21. Ng5 Qe7
22. Qg3 Rfe8 23. f4 Qf8 24. h4 Qh6 25. Ngf3 Bd7 26. Kf2 Re7 27. Rh1 Qh5 28. Qg5
Rae8 29. Qxh5 gxh5 30. Rhe1 Kg7 31. Nc2 Nxb2 32. Nb4 Nc4 33. Nxd5 Re6 34. Nc7
Nxa3 35. Nxe8+ Rxe8 36. Nd4 Nc4 37. Rb1 Rb8 38. e6 fxe6 39. Nxe6+ Kf6 40. Nd4 a3
41. Ra2 Ra8 42. Nxb5 Nb2 43. Nd4 Nd3+ 44. Ke3 Nc5 45. Rba1 Na4 46. Rxa3 Ra5 47.
c4 Rc5 48. Kd3 Nb6 49. Ra5 Rxc4 50. Ra6 Rc6 51. Nxc6 Bxc6 52. Rxb6 Ke7 53. Rxc6
Kd7 54. Rh6 Ke7 55. Rxh5 Kf6 56. Rxh7 Kg6 57. Rh5 Kxh5 58. Ra5 Kg4 59. h5 Kxh5
60. Rxf5+ Kg4 61. Rf8 Kg3 62. f5 Kxg2 63. f6 Kg3 64. f7 Kg4 65. Rg8+ Kf5 66.
f8=Q+ Ke6 67. Qe8+ Kd5 68. Rg5+ Kd6 69. Qg6+ Kd7 70. Qf6 Kc8 71. Rg7 Kb8 72.
Qf8# 1-0

[Event "Women's Speed Chess Q4"]
[Site "chess.com INT"]
[Date "2020.06.21"]
[Round "1"]
[White "Potapova, Margarita"]
[Black "Ilyuchyk, Yana"]
[Result "1-0"]
[WhiteTitle "WIM"]
[BlackTitle "WFM"]
[WhiteElo "2270"]
[BlackElo "2119"]
[WhiteFideId "14126869"]
[BlackFideId "13508407"]
[EventDate "2020.06.21"]

1. d4 Nf6 2. c4 d6 3. Nf3 g6 4. Nc3 Bg7 5. e4 O-O 6. h3 Nbd7 7. Be3 e5 8. d5 Nh5
9. Ng1 Nc5 10. Be2 Nf4 11. Bxc5 dxc5 12. Bf3 g5 13. Nge2 f5 14. Ng3 fxe4 15.
Ngxe4 b6 16. Qd2 h6 17. O-O-O Bf5 18. Rh2 a6 19. Bg4 Bxe4 20. Nxe4 b5 21. g3 Ng6
22. Be6+ Kh7 23. Nxc5 bxc4 24. Qc2 e4 25. Nxe4 Rb8 26. Nc3 Qf6 27. Re1 Kh8 28.
Rg2 Ne5 29. Rxe5 Qxe5 30. Rg1 a5 31. Qd2 a4 32. Re1 Qf6 33. a3 Qxf2 34. Re2 Qf1+
35. Re1 Qf6 36. h4 gxh4 37. gxh4 Qf4 38. Re3 Bd4 39. Re2 Qxd2+ 40. Kxd2 Rxb2+
41. Kc1 Bxc3 42. Rxb2 Bxb2+ 43. Kxb2 Rf4 44. h5 Kg7 45. Kc3 Kf6 46. Kb4 Rh4 47.
Kxa4 Rxh5 48. Kb4 Rh4 49. a4 Ke5 50. a5 Kd4 51. a6 Rh1 52. Bd7 Rg1 53. a7 Rb1+
54. Ka5 c3 55. a8=Q Ra1+ 56. Ba4 c2 57. Qa7+ Kd3 58. Qa6+ Kd2 59. Qxh6+ Kd1 60.
Qh1+ Kd2 61. Qxa1 c1=Q 62. Qxc1+ Kxc1 63. Bc6 Kd2 64. Ka6 Ke3 65. Kb7 Kd4 66.
Kxc7 1-0

[Event "Women's Speed Chess Q4"]
[Site "chess.com INT"]
[Date "2020.06.21"]
[Round "1"]
[White "Martynyuk, Elizaveta"]
[Black "Divya, Deshmukh"]
[Result "0-1"]
[WhiteTitle "FM"]
[BlackTitle "WIM"]
[WhiteElo "2041"]
[BlackElo "2305"]
[WhiteFideId "24128511"]
[BlackFideId "35006916"]
[EventDate "2020.06.21"]

1. e4 c5 2. Nf3 d6 3. d4 cxd4 4. Nxd4 Nf6 5. Nc3 Nc6 6. Bg5 e6 7. Qd2 Be7 8.
O-O-O a6 9. h4 O-O 10. Kb1 Nxd4 11. Qxd4 b5 12. Bd3 Bb7 13. e5 dxe5 14. Qxe5 Nd7
15. Qe3 Kh8 16. Ne4 f6 17. Bf4 e5 18. Bh2 Qb6 19. Qh3 Rad8 20. h5 Bxe4 21. Bxe4
Nc5 22. Bf5 Rxd1+ 23. Rxd1 Rd8 24. Rxd8+ Qxd8 25. a3 Qd1+ 26. Ka2 Qd5+ 27. b3 e4
28. Bf4 h6 29. Bg6 Ne6 30. Bc1 Qc6 31. Bb2 a5 32. Qe3 Bc5 33. Qd2 a4 34. Bxf6
axb3+ 35. cxb3 e3 36. Qc3 exf2 37. Bd3 Qd6 38. Be5 Qd7 39. Kb1 Bxa3 40. Kc2 Bf8
41. Bg3 Qf7 42. Qe5 f1=Q 43. Bxf1 Qxf1 44. Qxe6 Qxg2+ 45. Kc3 Qxg3+ 46. Kd4 Qf4+
47. Kd5 Qg5+ 48. Ke4 Qxh5 49. Qc8 Qh4+ 50. Kd5 Qf6 51. Ke4 b4 52. Kd5 Qd6+ 53.
Ke4 Qc5 54. Qe8 Kh7 55. Qf7 Qe7+ 56. Qxe7 Bxe7 57. Kf5 h5 58. Kf4 h4 59. Kf3 g5
60. Kg4 Kg6 61. Kh3 Kf5 62. Kh2 g4 63. Kg2 Kf4 64. Kf2 h3 65. Kg1 Bf6 66. Kh2
g3+ 67. Kh1 Kf3 68. Kg1 g2 69. Kh2 Bd4 0-1

[Event "Women's Speed Chess Q4"]
[Site "chess.com INT"]
[Date "2020.06.21"]
[Round "1"]
[White "Kirchei, Viktoriia"]
[Black "Kovanova, Baira"]
[Result "1-0"]
[WhiteTitle "WFM"]
[BlackTitle "WGM"]
[WhiteElo "2207"]
[BlackElo "2343"]
[WhiteFideId "34133396"]
[BlackFideId "4164083"]
[EventDate "2020.06.21"]

1. e4 e5 2. Nf3 Nc6 3. Bb5 a6 4. Ba4 Nge7 5. O-O g6 6. c3 Bg7 7. d4 exd4 8. cxd4
b5 9. Bb3 O-O 10. e5 d6 11. Bf4 Bg4 12. exd6 cxd6 13. Qd3 Bxf3 14. Qxf3 Nxd4 15.
Qd3 Nxb3 16. Qxb3 Nf5 17. Nc3 Qf6 18. Qb4 Rac8 19. Nd5 Qh4 20. Bxd6 Qxb4 21.
Bxb4 Rfd8 22. Nc3 Rd2 23. Rab1 Rc2 24. Rfc1 Rxc1+ 25. Rxc1 Nd4 26. Rd1 Rc4 27.
Nd5 h5 28. Kf1 Nc6 29. Bc3 Bxc3 30. bxc3 Ra4 31. Rd2 Ne5 32. Nb4 Nc4 33. Rc2 Nd6
34. Ke2 a5 35. Nd5 Rc4 36. Kd3 Kg7 37. Re2 Ra4 38. Rb2 Ra3 39. Kc2 Ra4 40. Kb3
Re4 41. Rd2 Nc4 42. Rc2 Re1 43. a4 Ra1 44. axb5 Na3 45. Ra2 Rxa2 46. Kxa2 Nxb5
47. Kb3 Nd6 48. Ka4 Ne4 49. f3 Nd2 50. Kxa5 f5 51. Kb4 Kf7 52. c4 Ke6 53. Kb5
Nb3 54. Nf4+ Kf6 55. c5 h4 56. c6 Nd4+ 57. Kb6 Nxc6 58. Kxc6 g5 59. Nd5+ Ke5 60.
Kc5 g4 61. fxg4 fxg4 62. Ne3 Kf4 63. Nf1 h3 64. gxh3 gxh3 65. Kd4 Kf3 66. Ne3
Kf2 67. Ng4+ Kf3 68. Ne3 Kf2 69. Ke4 Kg1 70. Ng4 Kg2 71. Kf4 Kg1 72. Kg3 Kf1 73.
Kxh3 1-0

[Event "Women's Speed Chess Q4"]
[Site "chess.com INT"]
[Date "2020.06.21"]
[Round "1"]
[White "Kiseleva, Arina"]
[Black "Nandhidhaa, P V"]
[Result "1-0"]
[WhiteTitle "WCM"]
[BlackTitle "WGM"]
[WhiteElo "2024"]
[BlackElo "2365"]
[WhiteFideId "4164989"]
[BlackFideId "5050847"]
[EventDate "2020.06.21"]

1. d4 Nf6 2. Nf3 e6 3. e3 d5 4. Bd3 b6 5. O-O Bb7 6. b3 Be7 7. Bb2 O-O 8. Ne5
Nbd7 9. Nd2 c5 10. Ndf3 Ne4 11. Nxd7 Qxd7 12. Ne5 Qc7 13. f3 Nd6 14. dxc5 bxc5
15. c4 f6 16. Ng4 dxc4 17. bxc4 Nf5 18. Qc2 h5 19. Bxf5 exf5 20. Nf2 g6 21. Rad1
Bd6 22. h3 Rae8 23. e4 fxe4 24. Nxe4 Bxe4 25. fxe4 Bh2+ 26. Kh1 Be5 27. Bxe5
Qxe5 28. Rd5 Qxe4 29. Qxe4 Rxe4 30. Rxc5 Re2 31. Rc7 Rxa2 32. Rc1 Rf7 33. Rc8+
Kg7 34. c5 Re7 35. c6 Ree2 36. c7 Rac2 37. Rxc2 Rxc2 38. Kg1 a5 39. Kf1 a4 40.
Ra8 Rxc7 41. Rxa4 Rc2 42. Ra6 g5 43. Kg1 Kg6 44. Kh2 Kf5 45. Ra5+ Kg6 46. Kg3
h4+ 47. Kf3 f5 48. Ra6+ Kh5 49. Ra5 Kg6 50. Ra6+ Kf7 51. Ra7+ Ke6 52. Ra6+ Ke5
53. Ra5+ Kf6 54. Ra6+ Kg7 55. Ra7+ Kh6 56. Ra6+ Kh5 57. Ra5 f4 58. Rb5 Rc3+ 59.
Kf2 Re3 60. Rc5 Kg6 61. Rb5 Kf6 62. Ra5 Re5 63. Ra6+ Kf5 64. Kf3 Rb5 65. Kf2 Rb3
66. Ra5+ Kg6 67. Ra6+ Kh5 68. Ra5 Re3 69. Ra6 g4 70. Ra5+ Kg6 71. hxg4 Rg3 72.
Rf5 Rxg4 73. Rd5 Rg5 74. Rd6+ Kf5 75. Kf3 Rg3+ 76. Kf2 Ra3 77. Ra6 Kg4 78. Rxa3
Kf5 79. Rb3 Kg5 80. Kf3 h3 81. Rb5+ Kh4 82. gxh3 Kxh3 83. Kxf4 Kg2 84. Rg5+ Kf2
85. Rg3 Kf1 86. Ke3 Ke1 87. Rg1# 1-0

[Event "Women's Speed Chess Q4"]
[Site "chess.com INT"]
[Date "2020.06.21"]
[Round "2"]
[White "Vifleemskaia, Svetlana"]
[Black "Narva, Mai"]
[Result "0-1"]
[WhiteTitle "WFM"]
[BlackTitle "WIM"]
[WhiteElo "1943"]
[BlackElo "2333"]
[WhiteFideId "4129490"]
[BlackFideId "4500512"]
[EventDate "2020.06.21"]

1. d4 Nf6 2. c4 g6 3. Nc3 d5 4. cxd5 Nxd5 5. Bd2 Bg7 6. e4 Nxc3 7. Bxc3 O-O 8.
h3 c5 9. Nf3 cxd4 10. Nxd4 Nd7 11. Be2 Nc5 12. Bf3 Qb6 13. Ne2 Rd8 14. Qc2 Nd3+
15. Kf1 Qxf2# 0-1

[Event "Women's Speed Chess Q4"]
[Site "chess.com INT"]
[Date "2020.06.21"]
[Round "2"]
[White "Klinova, Masha"]
[Black "Frattini, Beatriz Maria"]
[Result "1-0"]
[WhiteTitle "IM"]
[BlackTitle "WCM"]
[WhiteElo "2275"]
[BlackElo "1868"]
[WhiteFideId "2802015"]
[BlackFideId "22715002"]
[EventDate "2020.06.21"]

1. e4 c5 2. Nf3 d6 3. Bb5+ Bd7 4. Bxd7+ Qxd7 5. c4 Nc6 6. Nc3 g6 7. d4 cxd4 8.
Nxd4 Bg7 9. Be3 Nf6 10. f3 O-O 11. Rc1 Rac8 12. b3 a6 13. O-O Rfd8 14. Qd2 e6
15. Na4 Qc7 16. Rfd1 d5 17. cxd5 exd5 18. Nxc6 bxc6 19. Bb6 Qd7 20. Nc5 Qe7 21.
Bxd8 Rxd8 22. Nxa6 Ra8 23. Nb4 dxe4 24. Nxc6 Qb7 25. Qb4 Qxb4 26. Nxb4 exf3 27.
gxf3 Bf8 28. Nd5 Nxd5 29. Rxd5 Rxa2 30. Rc8 Kg7 31. Rb5 Rb2 32. Rb7 Bd6 33. h3
Rb1+ 34. Kf2 Rb2+ 35. Ke3 Kf6 36. Rc6 Ke5 37. Rb5+ Ke6 38. Rbb6 1-0

[Event "Women's Speed Chess Q4"]
[Site "chess.com INT"]
[Date "2020.06.21"]
[Round "2"]
[White "Kiran, Manisha Mohanty"]
[Black "Corrales Jimenez, Zenia"]
[Result "1-0"]
[WhiteTitle "WGM"]
[BlackTitle "WIM"]
[WhiteElo "2168"]
[BlackElo "2234"]
[WhiteFideId "5019575"]
[BlackFideId "3506355"]
[EventDate "2020.06.21"]

1. e4 c5 2. Nf3 Nc6 3. d4 cxd4 4. Nxd4 g6 5. Nc3 Bg7 6. Nb3 Nf6 7. Be2 d6 8. O-O
O-O 9. Re1 Be6 10. Bf1 Na5 11. Nd5 Nxb3 12. axb3 a6 13. Bg5 Bxd5 14. exd5 Qc7
15. c3 Rac8 16. Qd2 Qb6 17. Rxe7 Qxb3 18. Rd1 Rc5 19. c4 b5 20. Re3 Qa4 21. Ra3
Ne4 22. Qe1 Qxa3 23. bxa3 Nxg5 24. cxb5 axb5 25. h4 Bc3 26. Qe7 Nf3+ 27. gxf3
Be5 28. Qd7 Rfc8 29. Bxb5 Rc1 30. Rxc1 Rxc1+ 31. Kg2 h5 32. a4 Ra1 33. a5 Rxa5
34. Qd8+ Kg7 35. Qxa5 1-0

[Event "Women's Speed Chess Q4"]
[Site "chess.com INT"]
[Date "2020.06.21"]
[Round "2"]
[White "Pham, Bich Ngoc"]
[Black "Zavivaeva, Emilia"]
[Result "1-0"]
[WhiteTitle "WIM"]
[BlackTitle "WCM"]
[WhiteElo "2235"]
[BlackElo "1735"]
[WhiteFideId "12401285"]
[BlackFideId "34127531"]
[EventDate "2020.06.21"]

1. g3 d5 2. Bg2 c6 3. f4 Nd7 4. Nf3 Ngf6 5. d3 Qc7 6. O-O e6 7. Nc3 Bc5+ 8. Kh1
O-O 9. e4 e5 10. fxe5 Nxe5 11. Nxe5 Qxe5 12. Bf4 Qe6 13. exd5 Nxd5 14. Re1 Nxc3
15. bxc3 Qg6 16. Rb1 Bg4 17. Qd2 b5 18. Be4 Qf6 19. d4 Bb6 20. Qg2 Rac8 21. h3
Bf5 22. Be5 Bxe4 23. Rxe4 Qg6 24. Rg4 Qe6 25. Rxg7+ Kh8 26. Rxf7+ Kg8 27. Rg7+
Kh8 28. Re7+ 1-0

[Event "Women's Speed Chess Q4"]
[Site "chess.com INT"]
[Date "2020.06.21"]
[Round "2"]
[White "Buksa, Nataliya"]
[Black "Petrova, Irina"]
[Result "1-0"]
[WhiteTitle "IM"]
[BlackTitle "WIM"]
[WhiteElo "2410"]
[BlackElo "2087"]
[WhiteFideId "14123622"]
[BlackFideId "14124122"]
[EventDate "2020.06.21"]

1. d4 d5 2. Nc3 Nf6 3. Bf4 c6 4. e3 Bf5 5. Nf3 Nbd7 6. Ne5 e6 7. g4 Nxe5 8. gxf5
Nc4 9. fxe6 fxe6 10. Bxc4 dxc4 11. Qe2 Nd5 12. Qxc4 Nxf4 13. exf4 Qf6 14. O-O-O
Qxf4+ 15. Kb1 Qf6 16. Rhe1 O-O-O 17. Rxe6 Qxf2 18. d5 Qc5 19. Qg4 Kb8 20. dxc6
Bd6 21. Ne4 Qb4 22. Rexd6 Rxd6 23. Rxd6 Re8 24. c7+ 1-0

[Event "Women's Speed Chess Q4"]
[Site "chess.com INT"]
[Date "2020.06.21"]
[Round "2"]
[White "Nandhidhaa, P V"]
[Black "Grigoryan, Meri"]
[Result "1-0"]
[WhiteTitle "WGM"]
[BlackTitle "WFM"]
[WhiteElo "2365"]
[BlackElo "2044"]
[WhiteFideId "5050847"]
[BlackFideId "13300571"]
[EventDate "2020.06.21"]

1. e4 e5 2. Nf3 Nf6 3. Nc3 Nc6 4. Bb5 Bb4 5. O-O d6 6. d3 Bg4 7. h3 Bh5 8. a3
Bc5 9. Bg5 h6 10. Bh4 g5 11. Bg3 O-O 12. Bxc6 bxc6 13. Na4 Bb6 14. c3 Rb8 15.
Nxb6 cxb6 16. d4 Nxe4 17. dxe5 Nxg3 18. fxg3 Bxf3 19. Qxf3 d5 20. Qh5 Kg7 21.
Rf6 1-0

[Event "Women's Speed Chess Q4"]
[Site "chess.com INT"]
[Date "2020.06.21"]
[Round "2"]
[White "Chen, Yining"]
[Black "Assaubayeva, Bibisara"]
[Result "0-1"]
[WhiteTitle "WCM"]
[BlackTitle "FM"]
[WhiteElo "1745"]
[BlackElo "2364"]
[WhiteFideId "8620946"]
[BlackFideId "13708694"]
[EventDate "2020.06.21"]

1. d4 Nf6 2. c4 g6 3. Nc3 Bg7 4. e4 d6 5. f3 O-O 6. Be3 c5 7. d5 e6 8. Qd2 exd5
9. cxd5 Re8 10. Nge2 a6 11. a4 Nbd7 12. Ng3 h5 13. Be2 h4 14. Nf1 h3 15. g3 Ne5
16. Bg5 Qc7 17. Ne3 Nh7 18. Bf4 Bd7 19. Nc4 Nxc4 20. Bxc4 b5 21. Be2 c4 22. O-O
b4 23. Nd1 c3 24. bxc3 bxc3 25. Qc2 f5 26. Bd3 Nf6 27. exf5 Nxd5 28. fxg6 Qc5+
29. Nf2 Nb4 30. Qc1 Nxd3 31. Qc2 Nxf2 32. Qxf2 Bd4 0-1

[Event "Women's Speed Chess Q4"]
[Site "chess.com INT"]
[Date "2020.06.21"]
[Round "2"]
[White "Martsynovskaya, Marina"]
[Black "Matveeva, Olga"]
[Result "0-1"]
[WhiteTitle "WIM"]
[BlackTitle "WIM"]
[WhiteElo "2046"]
[BlackElo "2171"]
[WhiteFideId "609218"]
[BlackFideId "24107018"]
[EventDate "2020.06.21"]

1. e4 e6 2. d4 d5 3. Nc3 Nf6 4. e5 Nfd7 5. f4 c5 6. Nf3 Nc6 7. Be3 cxd4 8. Nxd4
Bc5 9. Qd2 O-O 10. O-O-O a6 11. g4 Nxd4 12. Bxd4 b5 13. h4 Qc7 14. h5 b4 15. Ne2
a5 16. g5 a4 17. Bxc5 Qxc5 18. Qd4 b3 19. Qxc5 Nxc5 20. cxb3 axb3 21. a3 Ba6 22.
Nc3 Rfc8 23. Bxa6 Rxa6 24. Rd4 Ne4 25. Rh3 Kf8 26. Kb1 Nxc3+ 27. Rxc3 Rxc3 28.
bxc3 Rxa3 29. Kb2 Ra2+ 30. Kxb3 Rh2 31. g6 Rxh5 32. gxh7 Rxh7 33. c4 dxc4+ 34.
Kxc4 Rh4 35. Kc5 g6 36. Kd6 g5 37. Rd1 Rxf4 38. Rg1 Rf5 39. Re1 Kg7 40. Ke7 Kg6
41. Rg1 Rxe5 0-1

[Event "Women's Speed Chess Q4"]
[Site "chess.com INT"]
[Date "2020.06.21"]
[Round "2"]
[White "Zakirova, Aisha"]
[Black "Koridze, Lile"]
[Result "1-0"]
[WhiteTitle "WCM"]
[BlackTitle "WFM"]
[WhiteElo "1585"]
[BlackElo "1996"]
[WhiteFideId "13719734"]
[BlackFideId "13612514"]
[EventDate "2020.06.21"]

1. d4 Nf6 2. c4 e6 3. Nf3 d5 4. Nc3 Bb4 5. cxd5 exd5 6. Bg5 c6 7. e3 O-O 8. Bd3
h6 9. Bh4 Bg4 10. O-O Nbd7 11. h3 Bh5 12. Be2 Bd6 13. Qc2 Bg6 14. Bd3 Bxd3 15.
Qxd3 Qb6 16. Rab1 Rfe8 17. b4 Ne4 18. b5 Nxc3 19. Qxc3 cxb5 20. Qb3 Qc6 21. Qxb5
Qxb5 22. Rxb5 Nb6 23. a4 Nxa4 24. Rxd5 Be7 25. Bxe7 Rxe7 26. Rc1 a6 27. Ne5 b5
28. Nc6 Rc7 29. Re5 Kf8 30. d5 f6 31. Re4 Rd7 32. Rd4 Nb6 33. e4 a5 34. Rb1 b4
35. Ra1 Rc8 36. Nxa5 Ra8 37. Rxb4 Nc8 38. Rc1 Nd6 39. Nc6 Ra2 40. Rb8+ Kf7 41.
e5 1-0

[Event "Women's Speed Chess Q4"]
[Site "chess.com INT"]
[Date "2020.06.21"]
[Round "2"]
[White "Kiolbasa, Oliwia"]
[Black "Tsukerman, Julia"]
[Result "1-0"]
[WhiteTitle "WIM"]
[BlackTitle "WCM"]
[WhiteElo "2160"]
[BlackElo "1523"]
[WhiteFideId "1154613"]
[BlackFideId "2621649"]
[EventDate "2020.06.21"]

1. e4 c5 2. Nf3 d6 3. d4 cxd4 4. Nxd4 Nf6 5. Nc3 a6 6. Be3 e5 7. Nb3 Be6 8. Qd2
Be7 9. f4 exf4 10. Bxf4 Nc6 11. O-O-O Ne5 12. Nd4 O-O 13. Nxe6 fxe6 14. g3 b5
15. Bh3 Qc8 16. Nd5 Nxd5 17. exd5 Qc5 18. Bxe6+ Kh8 19. Bxe5 dxe5 20. d6 Bd8 21.
Rhf1 Bf6 22. d7 Rad8 23. Kb1 Qc6 24. Qd6 Qa8 25. g4 h6 26. Bf5 Qa7 27. h4 Bxh4
28. Qg6 Kg8 29. Qh7+ Kf7 30. Bg6+ Ke6 31. Qxg7 Rxf1 32. Rxf1 Qxd7 33. Bf5+ 1-0

[Event "Women's Speed Chess Q4"]
[Site "chess.com INT"]
[Date "2020.06.21"]
[Round "2"]
[White "Kirchei, Viktoriia"]
[Black "Tomilova, Elena"]
[Result "0-1"]
[WhiteTitle "WFM"]
[BlackTitle "WGM"]
[WhiteElo "2207"]
[BlackElo "2353"]
[WhiteFideId "34133396"]
[BlackFideId "4162340"]
[EventDate "2020.06.21"]

1. e4 e6 2. d4 d5 3. exd5 exd5 4. Bd3 Nc6 5. c3 Bd6 6. Qf3 Nf6 7. h3 O-O 8. Ne2
Re8 9. O-O Ne4 10. Nf4 Bf8 11. Nd2 Bf5 12. Qh5 Qd7 13. g4 Bg6 14. Qxd5 Qxd5 15.
Nxd5 Nxd2 16. Bxg6 Nxf1 17. Kxf1 hxg6 18. Nxc7 Rac8 19. Nxe8 Rxe8 20. Be3 Bd6
21. Rd1 a6 22. c4 f5 23. c5 Bf8 24. d5 Ne5 25. d6 Kf7 26. g5 Nc6 27. a3 Ke6 28.
b4 Kd7 29. Rb1 Re4 30. Kg2 f4 31. Kf3 Rc4 32. Bxf4 Nd4+ 33. Kg2 Nc2 34. Bc1 b6
35. b5 axb5 36. cxb6 Bxd6 37. Rxb5 Ne1+ 38. Kf1 Rxc1 0-1

[Event "Women's Speed Chess Q4"]
[Site "chess.com INT"]
[Date "2020.06.21"]
[Round "2"]
[White "Bartel, Marta"]
[Black "Mammadova, Gulnar"]
[Result "0-1"]
[WhiteTitle "WGM"]
[BlackTitle "IM"]
[WhiteElo "2192"]
[BlackElo "2382"]
[WhiteFideId "1123009"]
[BlackFideId "13403508"]
[EventDate "2020.06.21"]

1. d4 e6 2. Nf3 f5 3. g3 Nf6 4. Bg2 g6 5. O-O Bg7 6. c4 O-O 7. Nc3 d6 8. b3 c6
9. Bb2 Nbd7 10. Qc2 e5 11. dxe5 dxe5 12. e4 f4 13. Rad1 Qe7 14. Rd2 Nh5 15. Rfd1
Nc5 16. b4 Ne6 17. g4 Nf6 18. Nxe5 Ng5 19. h4 Nxg4 20. Nxg4 Bxg4 21. hxg5 Bxd1
22. Qxd1 f3 23. Bxf3 Rxf3 24. Kg2 Raf8 0-1

[Event "Women's Speed Chess Q4"]
[Site "chess.com INT"]
[Date "2020.06.21"]
[Round "2"]
[White "Sharmin, Samiha Shimmi"]
[Black "Mamedjarova, Zeinab"]
[Result "0-1"]
[WhiteTitle "WCM"]
[BlackTitle "WGM"]
[WhiteElo "1812"]
[BlackElo "2274"]
[WhiteFideId "10203087"]
[BlackFideId "13401521"]
[EventDate "2020.06.21"]

1. e4 e5 2. Nf3 Nc6 3. Bc4 Bc5 4. O-O Nf6 5. d3 O-O 6. a4 a6 7. c3 d6 8. h3 Ne7
9. Re1 Ng6 10. b4 Ba7 11. Nbd2 Nf4 12. Nf1 N6h5 13. d4 Qe7 14. Be3 Kh8 15. Kh2
c6 16. Ng3 Bb8 17. Nxh5 Nxh5 18. b5 exd4 19. cxd4 d5+ 20. e5 dxc4 21. g4 Qd7 22.
Ng1 Nf6 23. f4 Nd5 24. f5 axb5 25. axb5 Rxa1 26. Qxa1 cxb5 27. Nf3 c3 28. Ng5
Nxe3 29. Rxe3 Qxd4 30. Qxc3 Qxc3 31. Rxc3 Bxe5+ 0-1

[Event "Women's Speed Chess Q4"]
[Site "chess.com INT"]
[Date "2020.06.21"]
[Round "2"]
[White "Hoang, Thi Bao Tram"]
[Black "Toncheva, Nadya"]
[Result "1-0"]
[WhiteTitle "WGM"]
[BlackTitle "WFM"]
[WhiteElo "2288"]
[BlackElo "2064"]
[WhiteFideId "12401102"]
[BlackFideId "2924056"]
[EventDate "2020.06.21"]

1. d4 d5 2. Nf3 Nf6 3. c3 c5 4. e3 Nc6 5. Nbd2 e6 6. Ne5 Nxe5 7. dxe5 Nd7 8. f4
Be7 9. Bd3 c4 10. Bc2 b5 11. O-O Bb7 12. Qe2 Nc5 13. Nf3 Qb6 14. Nd4 Ne4 15. a4
a6 16. f5 exf5 17. Nxf5 Qg6 18. Bxe4 dxe4 19. axb5 axb5 20. Rxa8+ Bxa8 21. b3
Bd5 22. Nxe7 Kxe7 23. Ba3+ Kd7 24. Rd1 Kc6 25. Qd2 Ra8 26. bxc4 Bxc4 27. Qd7+
Kb6 28. Rd6+ Ka5 29. Rxg6 hxg6 30. Bb4+ Ka4 31. Qd1+ Bb3 32. Qa1+ 1-0

[Event "Women's Speed Chess Q4"]
[Site "chess.com INT"]
[Date "2020.06.21"]
[Round "2"]
[White "Starosta, Martyna"]
[Black "Khalafova, Narmin"]
[Result "0-1"]
[WhiteTitle "WCM"]
[BlackTitle "WGM"]
[WhiteElo "2079"]
[BlackElo "2279"]
[WhiteFideId "21818754"]
[BlackFideId "13402625"]
[EventDate "2020.06.21"]

1. e4 c5 2. Nf3 d6 3. d4 Nf6 4. Nc3 cxd4 5. Nxd4 a6 6. Bg5 Nbd7 7. f4 g6 8. Qf3
Bg7 9. O-O-O Qc7 10. g4 b5 11. Bxf6 Nxf6 12. g5 Nd7 13. Nd5 Qa5 14. Nc6 Qxa2 15.
Nc7+ Kf8 16. Nxa8 Qxb2+ 17. Kd2 Bb7 18. Qb3 Qxb3 19. cxb3 Nc5 20. b4 Nxe4+ 21.
Ke3 Bxc6 22. Rc1 Nc3 23. Rg1 Bxa8 24. Bg2 d5 25. Kd3 e6 26. Rxc3 Bxc3 27. Kxc3
Ke7 28. Kd4 Rc8 29. Bf1 Rc1 30. Rh1 Kd6 31. Bg2 Rc4+ 32. Kd3 Rxb4 33. Ra1 Bb7
34. Rc1 Rxf4 0-1

[Event "Women's Speed Chess Q4"]
[Site "chess.com INT"]
[Date "2020.06.21"]
[Round "2"]
[White "Mrudul, Dehankar"]
[Black "Kucharska, Honorata"]
[Result "1-0"]
[WhiteTitle "WIM"]
[BlackTitle "WFM"]
[WhiteElo "2256"]
[BlackElo "2113"]
[WhiteFideId "25096990"]
[BlackFideId "1163868"]
[EventDate "2020.06.21"]

1. e4 c5 2. Nf3 a6 3. c3 e6 4. d4 d5 5. exd5 exd5 6. Bd3 Nc6 7. O-O Bd6 8. dxc5
Bxc5 9. Nbd2 Nge7 10. Nb3 Bd6 11. Re1 h6 12. Nbd4 O-O 13. h3 Bc7 14. Bc2 Qd6 15.
Qd3 Ng6 16. Nf5 Bxf5 17. Qxf5 d4 18. cxd4 Nxd4 19. Nxd4 Qxd4 20. Rd1 Qe5 21.
Qxe5 Bxe5 22. Rb1 Rac8 23. Be4 Rc7 24. Be3 Nf4 25. Bb6 Rc4 26. Bf3 Ne6 27. Be3
Rb4 28. b3 a5 29. a3 1-0

[Event "Women's Speed Chess Q4"]
[Site "chess.com INT"]
[Date "2020.06.21"]
[Round "2"]
[White "Nurmanova, Alua"]
[Black "Sihite, Chelsie Monica Ignesias"]
[Result "0-1"]
[WhiteTitle "WFM"]
[BlackTitle "WIM"]
[WhiteElo "2026"]
[BlackElo "2252"]
[WhiteFideId "13729390"]
[BlackFideId "7101198"]
[EventDate "2020.06.21"]

1. e4 e5 2. Nf3 Nc6 3. Bb5 a6 4. Ba4 Nf6 5. O-O b5 6. Bb3 Be7 7. Re1 O-O 8. h3
d6 9. c3 Na5 10. Bc2 c5 11. d4 Nc6 12. d5 Nb8 13. Nbd2 Nbd7 14. Nf1 c4 15. Ng3
Nc5 16. b4 cxb3 17. axb3 Qc7 18. Bd2 Bd7 19. Nh2 a5 20. Ng4 Nxg4 21. hxg4 a4 22.
b4 Na6 23. Nf5 Bxf5 24. gxf5 g5 25. Qh5 f6 26. Bd1 Nb8 27. Re3 Rf7 28. Rh3 Nd7
29. Be2 Rb8 30. g3 Rg7 31. Kg2 Nb6 32. Bxb5 Nc4 33. Bxc4 Qxc4 34. Qg4 Ra8 35.
Rah1 Bf8 36. Rh6 a3 37. Rxf6 a2 38. Re6 a1=Q 39. Rxa1 Rxa1 40. f6 Qf1+ 41. Kf3
Qd1+ 42. Kg2 Qh1# 0-1

[Event "Women's Speed Chess Q4"]
[Site "chess.com INT"]
[Date "2020.06.21"]
[Round "2"]
[White "Batsiashvili, Nino"]
[Black "Thipsay, Bagyashree Sathe"]
[Result "1-0"]
[WhiteTitle "GM"]
[BlackTitle "WIM"]
[WhiteElo "2457"]
[BlackElo "2072"]
[WhiteFideId "13602993"]
[BlackFideId "5001013"]
[EventDate "2020.06.21"]

1. d4 d5 2. Nf3 Nf6 3. Bf4 c5 4. e3 Nc6 5. Nbd2 cxd4 6. exd4 Bg4 7. c3 e6 8. Qb3
Qd7 9. Ne5 Qc8 10. Nxg4 Nxg4 11. Nf3 Be7 12. Bd3 O-O 13. O-O Rd8 14. Rae1 Bd6
15. Ne5 Qc7 16. Nxg4 Bxf4 17. g3 Bd6 18. f4 Re8 19. Qc2 h6 20. Qe2 Bf8 21. Ne5
g6 22. h4 Nxe5 23. fxe5 Bg7 24. h5 g5 25. Bb1 Rec8 26. Qd3 Qd7 27. Qh7+ Kf8 28.
Bg6 1-0